000
00307nam a2200109Ia 4500
008
200302s9999 xx 000 0 und d
100
_a
M. Anji Reddy
245
_a
A Text Book of Remote Sensing and Geographical Information Systems 2nd ed.
260
_b
B. S. Publications
260
_c
2001
300
_a
418 P.,
999
_c
5481
_d
5481